| 000 | 01863nam a2200289 i 4500 | ||
|---|---|---|---|
| 001 | 157998 | ||
| 003 | ES-MaACL | ||
| 005 | 20251012205635.0 | ||
| 008 | 931025s1780 sp |||| |dspa d | ||
| 100 | 1 |
_aLópez de Ayala, Pedro, _d1332-1407 _973530 |
|
| 245 | 1 | 0 |
_aCronicas de los Reyes de Castilla _b: Don Pedro, Don Enrique II, Don Juan I, Don Enrique III / _cpor D. Pedro Lopez de Ayala ... ; con las enmiendas de ... Geronimo de Zurita ; y las correcciones y notas añadidas por Don Eugenio de Llaguno Amirola ... ; tomo II que contiene las de Don Enrique II D. Juan I y D. Enrique III. |
| 260 |
_aMadrid : _ben la imprenta de Don Antonio de Sancha, se hallarà en su libreria ..., _c1780. |
||
| 300 |
_aXXVIII, 664 p., [2] h. de grab. ; _c4º. |
||
| 490 | 1 |
_aColección de las crónicas y memorias de los reyes de Castilla ; _v2 |
|
| 530 | _aDisponible en formato digital. | ||
| 597 | _aSign.: *-3*4, 4*2, A-Z4, 2A-2Z4, 3A-3Z4, 4A-4O4. | ||
| 599 | _aLa primera h. de grab. calc.: "Antonius Carnicero inut; et delts; Moreno de Tejada sct", retrato de Don Enrique Segundo, la segunda "A. Carnicero delin." "S. Brieva invt.", retrato de Don Juan I. | ||
| 651 | 4 |
_aEspaña- _xHistoria- _yS.XIV. _98351 |
|
| 651 | 4 |
_aCastilla (Reino)- _xReyes y soberanos. _9163030 |
|
| 651 | 4 |
_aCastilla (Reino)- _xHistoria. _97987 |
|
| 700 | 1 |
_aLlaguno y Amírola, Eugenio, _d1724-1799 _972661 |
|
| 700 | 1 |
_aZurita, Jerónimo. _9118536 |
|
| 830 | 0 | 0 |
_aColección de las crónicas y memorias de los reyes de Castilla _v2 _9184660 |
| 852 |
_aES-MaACL _jR-1292-93 _z- Enc. pasta española _x- Edic.: Contiene [1] h. pleg. del "Arbol de costados de rey Felipe V" entre las p. 662 y 663 _xOlim: G-13138-39 |
||
| 856 |
_uhttp://bibliotecadigital.jcyl.es/i18n/consulta/registro.cmd?id=8182 _zBiblioteca Digital de Castilla y León |
||
| 999 |
_c157998 _d157998 |
||